000 00404nam a22001337a 4500
999 _c18751
_d18751
008 240124b ||||| |||| 00| 0 eng d
020 _a9780593722657
082 _22023
_aDFic
_bAl547
100 _aAllende, Isabel.
_950809
245 _aThe wind knows my name /
_cIsabel Allende.
260 _aNew York :
_bBallantine Books,
_c©2023.
300 _a260 pages :
_billustrations ;
_c23 cm.
942 _2ddc
_cDFIC